LEADER 01132nam a2200265 i 4500 001 000000153509 003 CaOOAMICUS 005 20060926000000.0 008 060926s1980 it u000 u ita u 013 $a130852 020 $a88-215-0109-4 040 $aSeMil$bita 100 1 $aNigg, Walter,$d<1903-1988>.$0(OLS)http://semarc/name/90906 240 10$aKatharina von Siena, Die Lehrerin der Kirche.$0(OLS)http://semarc/title/224641 245 10$aCaterina da Siena :$bdottore della Chiesa /$cTesto di Walter Nigg. 260 $aRoma :$bPaoline,$ccopyr. 1980. 300 $a78 p., [47] p. di tav. ;$c25 cm. 500 $aIn preliminari : 47 tavole a colori. 600 04$aCaterina : da Siena .$0(OLS)http://semarc/subject/8079 850 $aSeMil 852 $aSeMil$W1$xVenegono$y1$m3H VI 248$j105445$B105445$CSeMilBibl$Z2$F114706 $81 961 $aRecupero: Seminario di Seveso 996 $6020$a88-215-0109-4$9(OLS)http://semarc/number/143346 996 $6245$aCaterina da Siena :$bdottore della Chiesa$9(OLS)http://semarc/title/224640 996 $6260$aRoma :$bPaoline$9(OLS)http://semarc/publisher/29686 LEADER 01544nam a2200313 4500 001 000000344023 003 CaOOAMICUS 005 20210215154402.0 008 210128s1998 be 000 u fre r 020 $a90-429-0704-5 040 $aSeMil$bita 100 1 $aDeclerck, Leo,$d<1938- >.$0(OLS)http://semarc/name/65816 245 00$aInventaire des Papiers conciliaires du cardinal L.-J. Suenens /$cpar L. Declerck et E. Louchez. 264 1$aLouvain-la Neuve :$bUniversité Catholique de Louvain, Faculté de Théologie,$c1998. 300 $a355 p. ;$c24 cm 490 1 $aCahiers de la Revue théologique de Louvain ;$v31 541 0 $aFondo mons. Pasquale Macchi (3D IV 25) 600 14$aSuenens, Léon-Joseph .$0(OLS)http://semarc/subject/9723 650 4$aConcilio Vaticano II <1962-1965>.$0(OLS)http://semarc/subject/283 700 1 $aLouchez, Eddy.$0(OLS)http://semarc/name/87294 830 0$aCahiers de la Revue théologique de Louvain ;$v31.$0(OLS)http://semarc/title/246 850 $aSeMil 852 $aSeMil$W1$xVenegono$y1$m3D IV 25$j223983$B235072$CSeMilBibl$Z2$F235072 $81 941 1 $a8 961 $aFondo mons. Pasquale Macchi 996 $6020$a90-429-0704-5$9(OLS)http://semarc/number/292233 996 $6245$aInventaire des Papiers conciliaires du cardinal L.-J. Suenens$9(OLS)http://semarc/title/433089 996 $6264$aLouvain-la Neuve :$bUniversité Catholique de Louvain, Faculté de Théologie$9(OLS)http://semarc/publisher/57508